000 00775nam a22002177a 4500
999 _c7099
_d7099
003 AR-CdUCM
008 190319b ||||| |||| 00| 0 spa d
040 _aMUNICIPALIDAD PROVINCIAL DEL CUSCO
_cBIBLIOTECA MUNICIPAL DEL CUSCO
082 _a550 /
_bM18
100 _aMaksimov, A.
_920000
245 _aBreve curso de prospección geológica /
260 _aMoscú :
_bMir,
_c1973.
300 _a264 paginas;
_c22 cm.
505 _aContenido :Trabajos mineros -- Sondeo -- Desmuestre y valorización de los minerales -- Búsqueda o explotación de yacimiento de minerales útiles -- Cálculos de reserva ...
650 _aUrrs
_920001
650 _aMoscu
_95175
700 _aMiloserdina, G.
_920002
700 _aEriomin, N.
_920003
942 _2ddc
_cLIBROS
945 _arum